Oblasts of Ukraine on a Map - Statistics

General Stats
  • This quiz has been taken 17,974 times
    8,879 since last reset
  • The average score is 19 of 27
Answers on the Map
Answers color-coded by a green-red scale on the quiz's map according to % correct below.
 
Answer Stats
Oblast % Correct
Kyiv
98%
Kyiv (City)
98%
Crimea
93%
Donetsk
92%
Odessa
92%
Luhansk
90%
Lviv
90%
Kharkiv
86%
Sevastopol
81%
Kherson
80%
Dnipropetrovsk
77%
Zaporizhia
75%
Sumy
74%
Mykolaiv
66%
Chernihiv
62%
Poltava
61%
Ivano-Frankivsk
60%
Zakarpattia
59%
Rivne
54%
Zhytomyr
54%
Ternopil
53%
Cherkasy
51%
Volyn
51%
Vinnytsia
49%
Chernivtsi
48%
Khmelnytskyi
36%
Kirovohrad
36%
No matching quizzes found
Score Distribution
Percent of People with Each Score
Percentile by Number Answered
Your Score History
You have not taken this quiz since the last reset